Star wars: The Jedi Academy trilogy

保存先:
書誌詳細
第一著者: Anderson, Kevin J.
フォーマット: 図書
言語:Undetermined
出版事項: New York, Estados Unidos Bantam Books 1994
主題:
タグ: タグ追加
タグなし, このレコードへの初めてのタグを付けませんか!

MARC

LEADER 00000nam a2200000Ia 4500
008 170316s9999 xx 000 0 und d
040 |a cru BVZT 
090 |a 810 A-8.1s 
100 |a Anderson, Kevin J. 
245 |a Star wars: The Jedi Academy trilogy  |c / Kevin J. Anderson 
260 |a New York, Estados Unidos  |b Bantam Books  |c 1994 
300 |a 360 páginas 
650 |a LITERATURA ESTADOUNIDENSE  |9 25 
650 |a CIENCIA FICCIÓN  |9 117 
999 |c 5429  |d 5429 
942 |c 15 D  |h 810 A-8.1s  |2 z